000 00890nam a2200265 a 4500
003 MX-MxUPN
005 20250408063810.0
008 230613s2020 mx ||||fr|||| 000 0 spa d
020 _a9786079859978
040 _aMX-MxUPN
_bspa
_cMX-MxUPN
041 0 _aspa
050 1 4 _aKGF304 M67
_bA95 2020
100 1 _aAvilés Ochoa, Juan Salvador,
_d1959-
_948861
245 1 0 _aEnrique Moreno Pérez :
_brevolucionario y jurista sinaloense
250 _aPrimera edición.
260 _aCiudad de México :
_bSeminario de Cultura Mexicana,
_c2020
300 _a62 páginas
490 0 _aCuadernos del Seminario
600 1 4 _aMoreno Pérez, Enrique
_956300
650 4 _aAbogados
_zMéxico
_vBiografía
_94679
700 1 _aGarcía Ramírez, Sergio,
_d1938-
_935355
_eprólogo
902 _aFernandoJiménezSánchez13062023
_bVíctor Ruiz/070425
942 _2lcc
_cLIBRO
_n0
999 _c209818
_d209818